| 000 | 00690nam a2200277Ia 4500 | ||
|---|---|---|---|
| 001 | 7798 | ||
| 005 | 20240113234035.0 | ||
| 007 | ta | ||
| 008 | 050712s2001 g b000 u eng u | ||
| 020 | _a81-7611-087-6 | ||
| 040 | _aCotton College,Asssa | ||
| 041 | _aeng | ||
| 082 |
_a332 _b/Ma 43 Mo |
||
| 100 | _aMathur, Reeta . | ||
| 245 | 0 |
_aMonetary Economics / _cReeta Mathur. _hTextual Documents |
|
| 250 | _a1st ed. / | ||
| 260 |
_aJaipur : _bRBSA Publishers , _c2001. |
||
| 300 |
_a418p. ; _c22cm. |
||
| 653 | _aEconomics | ||
| 653 | _aMonetary Policy | ||
| 653 | _aMoney | ||
| 653 | _aPG-Economics | ||
| 942 |
_2ddc _cBK |
||
| 999 |
_c7785 _d7785 |
||